000 00653nam a22001937a 4500
003 OSt
005 20260505072049.0
008 260505b |||||||| |||| 00| 0 eng d
020 _a978-621-416-134-8
040 _aDWCL Main Lib.
_cOC
082 _a336.2 L791p 2023
100 _aLlamado, Christopher P.
245 _aPhilippine Income Tax volume 1/
_cChristopher P. Llamado
260 _aSamplaoc Manila, Philippines :
_bGIC Enterprises & Co. inc.,
_cc2023.
300 _a1-713 pages :
_billustrations ;
_c22cm.
650 _aIncome tax- law and legislation-- Philippines
700 _aDe Vera, Jack L.
942 _2ddc
_cBK - FIL
_hFil.
_n0
999 _c10258
_d10258